[Event "Johor op 6th"]
[Site "Johor"]
[Date "2019.12.03"]
[Round "2"]
[White "Mas, Hafizulhelmi"]
[Black "Li, Shanglin B"]
[Result "0-1"]
[WhiteElo "2318"]
[BlackElo "2020"]
[PlyCount "54"]
[EventDate "2019.12.02"]
[EventType "swiss"]
[EventRounds "9"]
[EventCountry "MAS"]
[SourceTitle "CBM 193 Extra"]
[Source "ChessBase"]
[SourceDate "2020.01.31"]
[SourceVersion "1"]
[SourceVersionDate "2020.01.31"]
[SourceQuality "1"]

1. c4 Nf6 2. Nc3 g6 3. d4 Bg7 4. e4 d6 5. Be2 0-0 6. Bg5 c5 7. d5 e6 8. Qd2 exd5 9. Nxd5 Nc6 10. f3 Be6 11. h4 Bxd5 12. cxd5 Nd4 13. h5 Qe8 14. hxg6 fxg6 15. 0-0-0 Rf7 16. Bf4 Qf8 17. Be3 Nh5 18. Rxh5 gxh5 19. Nh3 h6 20. Rh1 a5 21. Bd1 a4 22. Nf4 a3 23. b3 Rxf4 24. Bxf4 Qf6 25. Be3 Nxb3+ 26. Bxb3 Qa1+ 27. Kc2 Qxh1 0-1

[Event "Puchong FF01 IM"]
[Site "Puchong"]
[Date "2018.02.04"]
[Round "4"]
[White "Wynn, Zaw Htung"]
[Black "Mas, Hafizulhelmi"]
[Result "1/2-1/2"]
[WhiteElo "2455"]
[BlackElo "2318"]
[PlyCount "70"]
[EventDate "2018.02.03"]
[EventType "tourn"]
[EventRounds "9"]
[EventCountry "MAS"]
[EventCategory "2"]
[SourceTitle "CBM 182 Extra"]
[Source "ChessBase"]
[SourceDate "2018.02.23"]
[SourceVersion "1"]
[SourceVersionDate "2018.02.23"]
[SourceQuality "1"]

1. Nf3 g6 2. e4 c5 3. g3 Bg7 4. Bg2 Nc6 5. 0-0 e5 6. d3 Nge7 7. Be3 d6 8. c3 Bg4 9. h3 Bxf3 10. Bxf3 0-0 11. Bg2 b6 12. f4 d5 13. f5 d4 14. Bc1 dxc3 15. bxc3 f6 16. fxg6 hxg6 17. Na3 Qd7 18. Be3 Rad8 19. Qb3+ Kh7 20. Rad1 Bh6 21. Bf2 Kg7 22. Nc4 Rh8 23. a4 Rb8 24. Qc2 Rhc8 25. Rb1 Rd8 26. Rfd1 Nc8 27. Ne3 Bxe3 28. Bxe3 Nd6 29. Rf1 Rh8 30. Rf3 Rbf8 31. Rbf1 Qe6 32. Qf2 Rf7 33. Qc2 Rc8 34. R3f2 Rh8 35. Qd1 Rd8 1/2-1/2

[Event "Puchong FF01 IM"]
[Site "Puchong"]
[Date "2018.02.03"]
[Round "1"]
[White "Mas, Hafizulhelmi"]
[Black "Setyaki, Azarya Jodi"]
[Result "1/2-1/2"]
[WhiteElo "2318"]
[BlackElo "2336"]
[PlyCount "37"]
[EventDate "2018.02.03"]
[EventType "tourn"]
[EventRounds "9"]
[EventCountry "MAS"]
[EventCategory "2"]
[SourceTitle "CBM 182 Extra"]
[Source "ChessBase"]
[SourceDate "2018.02.23"]
[SourceVersion "1"]
[SourceVersionDate "2018.02.23"]
[SourceQuality "1"]

1. e4 e5 2. Nf3 Nc6 3. Bb5 a6 4. Bxc6 dxc6 5. 0-0 Bg4 6. h3 Bh5 7. g4 Bg6 8. Nxe5 Qh4 9. Qf3 f6 10. Nc4 h5 11. d3 hxg4 12. Qxg4 Bf7 13. Kg2 Bxc4 14. dxc4 Bd6 15. Be3 Qxg4+ 16. hxg4 Rh4 17. Nd2 Rxg4+ 18. Kh3 f5 19. exf5 1/2-1/2

[Event "Puchong FF11 IM"]
[Site "Puchong"]
[Date "2017.11.08"]
[Round "9"]
[White "Murshed, Niaz"]
[Black "Mas, Hafizulhelmi"]
[Result "1-0"]
[WhiteElo "2407"]
[BlackElo "2314"]
[PlyCount "133"]
[EventDate "2017.11.04"]
[EventType "tourn"]
[EventRounds "9"]
[EventCountry "MAS"]
[SourceTitle "CBM 181 Extra"]
[Source "ChessBase"]
[SourceDate "2017.12.12"]
[SourceVersion "1"]
[SourceVersionDate "2017.12.12"]
[SourceQuality "1"]

1. Nf3 c5 2. c4 g6 3. d4 cxd4 4. Nxd4 Bg7 5. e4 Nc6 6. Be3 Nf6 7. Nc3 d6 8. Be2 0-0 9. 0-0 Nxd4 10. Bxd4 Be6 11. Rc1 a6 12. f3 Qa5 13. Kh1 Rfc8 14. b3 Nd7 15. Bxg7 Kxg7 16. f4 Nf6 17. g4 g5 18. e5 dxe5 19. fxg5 Ne8 20. Bf3 Rab8 21. Qe2 e4 22. Bxe4 Qxg5 23. Bf5 Nc7 24. Ne4 Qh6 25. Ng3 Kg8 26. Rcd1 b5 27. c5 b4 28. g5 Qxg5 29. Ne4 Qh6 30. Rg1+ Kh8 31. Ng5 Qf6 32. Bxe6 Nxe6 33. Rdf1 Nxg5 34. Rxf6 exf6 35. Qe7 Kg7 36. Rf1 Rc6 37. h4 h6 38. hxg5 hxg5 39. Kg2 Rbc8 40. Rf2 Re6 41. Qa7 Kg6 42. Rd2 Re5 43. Rc2 Rc6 44. Qa8 Rcxc5 45. Qg8+ Kf5 46. Rf2+ Kg4 47. Qxf7 f5 48. Qd7 Red5 49. Qe6 a5 50. Qe2+ Kh4 51. Rf1 g4 52. Qe7+ Kh5 53. Rh1+ Kg6 54. Qe6+ Kg7 55. Qe7+ Kg6 56. Qh7+ Kf6 57. Qh8+ Kg6 58. Qe8+ Kf6 59. Qh8+ Kg6 60. Qh5+ Kf6 61. Qh6+ Kf7 62. Re1 Re5 63. Rd1 Red5 64. Qh7+ Kf6 65. Qh8+ Kf7 66. Re1 Rd2+ 67. Kg3 1-0

[Event "Puchong FF11 IM"]
[Site "Puchong"]
[Date "2017.11.07"]
[Round "8"]
[White "Mas, Hafizulhelmi"]
[Black "Setyaki, Azarya Jodi"]
[Result "1/2-1/2"]
[WhiteElo "2314"]
[BlackElo "2345"]
[PlyCount "29"]
[EventDate "2017.11.04"]
[EventType "tourn"]
[EventRounds "9"]
[EventCountry "MAS"]
[SourceTitle "CBM 181 Extra"]
[Source "ChessBase"]
[SourceDate "2017.12.12"]
[SourceVersion "1"]
[SourceVersionDate "2017.12.12"]
[SourceQuality "1"]

1. e4 e5 2. Bc4 Nf6 3. d3 Nc6 4. Nc3 Na5 5. Bg5 Nxc4 6. dxc4 Be7 7. Qd3 c6 8. f3 d6 9. Nge2 Be6 10. b3 Qc7 11. Ng3 g6 12. 0-0-0 h6 13. Be3 a6 14. Qd2 h5 15. Bg5 1/2-1/2

[Event "Puchong FF11 IM"]
[Site "Puchong"]
[Date "2017.11.06"]
[Round "6"]
[White "Mas, Hafizulhelmi"]
[Black "Lye, Lik Zang"]
[Result "1/2-1/2"]
[WhiteElo "2314"]
[BlackElo "2128"]
[PlyCount "38"]
[EventDate "2017.11.04"]
[EventType "tourn"]
[EventRounds "9"]
[EventCountry "MAS"]
[SourceTitle "CBM 181 Extra"]
[Source "ChessBase"]
[SourceDate "2017.12.12"]
[SourceVersion "1"]
[SourceVersionDate "2017.12.12"]
[SourceQuality "1"]

1. e4 c5 2. f4 d5 3. exd5 Nf6 4. Bb5+ Bd7 5. Bxd7+ Qxd7 6. c4 e6 7. Qe2 Bd6 8. dxe6 fxe6 9. d3 Nc6 10. Nf3 0-0-0 11. 0-0 Rhe8 12. Nc3 e5 13. f5 Nd4 14. Qd1 e4 15. Nxd4 cxd4 16. Nxe4 Nxe4 17. dxe4 Qc7 18. Bg5 Bxh2+ 19. Kh1 Be5 1/2-1/2

[Event "Puchong FF11 IM"]
[Site "Puchong"]
[Date "2017.11.04"]
[Round "1"]
[White "Raja, Rithvik R"]
[Black "Mas, Hafizulhelmi"]
[Result "1/2-1/2"]
[WhiteElo "2241"]
[BlackElo "2314"]
[PlyCount "95"]
[EventDate "2017.11.04"]
[EventType "tourn"]
[EventRounds "9"]
[EventCountry "MAS"]
[SourceTitle "CBM 181 Extra"]
[Source "ChessBase"]
[SourceDate "2017.12.12"]
[SourceVersion "1"]
[SourceVersionDate "2017.12.12"]
[SourceQuality "1"]

1. Nf3 g6 2. d4 Bg7 3. e4 c6 4. c4 d5 5. e5 Bg4 6. Nc3 e6 7. h3 Bxf3 8. Qxf3 f6 9. exf6 Qxf6 10. Qxf6 Bxf6 11. Be3 Ne7 12. Rd1 Nf5 13. Be2 Nd7 14. 0-0 Nb6 15. g4 Nxe3 16. fxe3 Bg5 17. Rf3 Rf8 18. Rdf1 Rxf3 19. Rxf3 Nxc4 20. Bxc4 dxc4 21. Ne4 Be7 22. Kf1 Rd8 23. Ke2 Rd5 24. Nc3 Rd7 25. Ne4 b5 26. h4 Rd5 27. Nc3 Rd8 28. Ne4 a6 29. Rf1 Rd5 30. Nc3 Rd7 31. Ne4 Rc7 32. h5 gxh5 33. g5 c5 34. dxc5 Bxc5 35. Rf6 Rc6 36. Rh6 Kf7 37. Rxh7+ Kg6 38. Rh6+ Kf5 39. Kf3 b4 40. Rxh5 Bf8 41. Rh7 Kg6 42. Rh2 Bg7 43. Rc2 Be5 44. Nd2 c3 45. bxc3 bxc3 46. Ke2 Kxg5 47. Ne4+ Kf5 48. Kd3 1/2-1/2

[Event "Puchong Friday IM 1st"]
[Site "Puchong"]
[Date "2017.10.10"]
[Round "7"]
[White "Kumar, Gaurav"]
[Black "Mas, Hafizulhelmi"]
[Result "1/2-1/2"]
[WhiteElo "2274"]
[BlackElo "2318"]
[PlyCount "46"]
[EventDate "2017.10.07"]
[EventType "tourn"]
[EventRounds "9"]
[EventCountry "MAS"]
[EventCategory "2"]
[SourceTitle "CBM 181 Extra"]
[Source "ChessBase"]
[SourceDate "2017.12.12"]
[SourceVersion "1"]
[SourceVersionDate "2017.12.12"]
[SourceQuality "1"]

1. e4 c5 2. Nf3 d6 3. d4 cxd4 4. Nxd4 Nf6 5. Nc3 a6 6. Bg5 Nbd7 7. Qe2 b5 8. f4 e5 9. Nf5 h6 10. Bxf6 Nxf6 11. 0-0-0 exf4 12. Qd2 Bxf5 13. exf5 Be7 14. Qxf4 Rc8 15. Kb1 0-0 16. g4 Qc7 17. Bd3 d5 18. Qxc7 Rxc7 19. Be2 Rfc8 20. Bf3 b4 21. Nxd5 Nxd5 22. Bxd5 Rxc2 23. Rc1 Rxc1+ 1/2-1/2

[Event "Puchong Friday IM 1st"]
[Site "Puchong"]
[Date "2017.10.09"]
[Round "5"]
[White "Mas, Hafizulhelmi"]
[Black "Sivakumar, Ashvin"]
[Result "1/2-1/2"]
[WhiteElo "2318"]
[BlackElo "2309"]
[PlyCount "74"]
[EventDate "2017.10.07"]
[EventType "tourn"]
[EventRounds "9"]
[EventCountry "MAS"]
[EventCategory "2"]
[SourceTitle "CBM 181 Extra"]
[Source "ChessBase"]
[SourceDate "2017.12.12"]
[SourceVersion "1"]
[SourceVersionDate "2017.12.12"]
[SourceQuality "1"]

1. e4 e5 2. Nf3 Nc6 3. Bb5 a6 4. Bxc6 dxc6 5. 0-0 f6 6. d4 exd4 7. Nxd4 c5 8. Nb3 Qxd1 9. Rxd1 Bd6 10. Na5 b5 11. a4 Ne7 12. Nc3 Rb8 13. Ne2 g5 14. axb5 axb5 15. Be3 Be6 16. e5 Bxe5 17. Bxc5 Ra8 18. Bxe7 Kxe7 19. Nc6+ Kf7 20. Nxe5+ fxe5 21. Nc3 b4 22. Ne4 h6 23. f3 Rhd8 24. Kf2 Rxd1 25. Rxd1 Ra2 26. Rb1 Bf5 27. Ke3 Ke6 28. Kd3 Kd5 29. b3 Ra6 30. Rc1 Bxe4+ 31. fxe4+ Ke6 32. Rf1 Rd6+ 33. Ke3 Rc6 34. Rf2 Rc3+ 35. Kd2 Rc6 36. Rf8 Rd6+ 37. Ke2 Rc6 1/2-1/2

[Event "Penang op 7th"]
[Site "Penang"]
[Date "2015.12.11"]
[Round "8"]
[White "Ooi, Zhi Yang"]
[Black "Mas, Hafizulhelmi"]
[Result "1/2-1/2"]
[WhiteElo "2146"]
[BlackElo "2333"]
[PlyCount "58"]
[EventDate "2015.12.07"]
[EventType "swiss"]
[EventRounds "9"]
[EventCountry "MAS"]
[SourceTitle "CBM 169 Extra"]
[Source "ChessBase"]
[SourceDate "2015.12.18"]
[SourceVersion "1"]
[SourceVersionDate "2015.12.18"]
[SourceQuality "1"]

1. d4 Nf6 2. Nf3 b5 3. e3 a6 4. c4 bxc4 5. Bxc4 e6 6. 0-0 Bb7 7. Nc3 d5 8. Bd3 c5 9. Bd2 Nbd7 10. Rc1 Bd6 11. Qe2 Ne4 12. Na4 0-0 13. dxc5 Nexc5 14. Nxc5 Nxc5 15. Bb1 a5 16. Rfd1 Ba6 17. Qe1 Nd3 18. Bxd3 Bxd3 19. Bxa5 Rxa5 20. Rxd3 Rxa2 21. Rb3 Qa8 22. Nd4 g6 23. Nc6 Rc8 24. Rbc3 Rc7 25. Ne7+ Rxe7 26. Rc8+ Re8 27. Rxa8 Rexa8 28. Rb1 Be5 29. b3 Rb2 1/2-1/2

[Event "Petaling Jaya Nazrin Shah"]
[Site "Petaling Jaya"]
[Date "2013.06.16"]
[Round "5"]
[White "Mas, Hafizulhelmi"]
[Black "Wohl, Aleksandar H"]
[Result "1-0"]
[WhiteElo "2347"]
[BlackElo "2369"]
[PlyCount "69"]
[EventDate "2013.06.13"]
[EventType "tourn"]
[EventRounds "9"]
[EventCountry "MAS"]
[SourceTitle "CBM 155 Extra"]
[Source "ChessBase"]
[SourceDate "2013.08.26"]
[SourceVersion "1"]
[SourceVersionDate "2013.08.26"]
[SourceQuality "1"]

1. c4 b6 2. d4 e6 3. Nc3 Bb4 4. Qc2 Bb7 5. a3 Bxc3+ 6. Qxc3 f5 7. Qg3 Kf8 8. Bg5 Qc8 9. Nh3 h6 10. Qh4 Qe8 11. f3 Nc6 12. 0-0-0 Nge7 13. Bd2 Kg8 14. Bc3 d5 15. e4 Ng6 16. Qg3 Qf7 17. cxd5 exd5 18. exf5 Nge7 19. Qxc7 Nxf5 20. Qf4 g5 21. Qd2 a5 22. Nf2 Nd6 23. Ng4 b5 24. Ne5 Qc7 25. Qc2 Rh7 26. Qg6+ Kh8 27. Bd3 b4 28. Qxh7+ Qxh7 29. Bxh7 bxc3 30. Bc2 cxb2+ 31. Kxb2 Nxe5 32. dxe5 Nc4+ 33. Ka2 Nxe5 34. Rhe1 Nc6 35. Re6 1-0

[Event "Petaling Jaya Nazrin Shah"]
[Site "Petaling Jaya"]
[Date "2013.06.16"]
[Round "4"]
[White "Padmini, Rout"]
[Black "Mas, Hafizulhelmi"]
[Result "1/2-1/2"]
[WhiteElo "2347"]
[BlackElo "2347"]
[PlyCount "67"]
[EventDate "2013.06.13"]
[EventType "tourn"]
[EventRounds "9"]
[EventCountry "MAS"]
[SourceTitle "CBM 155 Extra"]
[Source "ChessBase"]
[SourceDate "2013.08.26"]
[SourceVersion "1"]
[SourceVersionDate "2013.08.26"]
[SourceQuality "1"]

1. e4 c5 2. Nf3 d6 3. d4 cxd4 4. Nxd4 Nf6 5. Nc3 a6 6. h3 e5 7. Nde2 h5 8. Bg5 Be7 9. g3 Be6 10. Bg2 Nbd7 11. 0-0 Rc8 12. a4 Qc7 13. Qd2 0-0 14. Rac1 Rfd8 15. Nd5 Bxd5 16. exd5 Nb6 17. Bxf6 Bxf6 18. b3 Nd7 19. c4 Nc5 20. Qd1 Qb6 21. Rb1 Qb4 22. Nc1 b5 23. axb5 axb5 24. Na2 Qa3 25. Nc3 bxc4 26. Nb5 Qb4 27. bxc4 Qxc4 28. Qxh5 e4 29. Qg4 Ra8 30. Rfc1 Qd3 31. Rd1 Qc2 32. Rdc1 Qd3 33. Rd1 Qc2 34. Rbc1 1/2-1/2

[Event "Thailand op 13th"]
[Site "Pattaya"]
[Date "2013.04.20"]
[Round "8"]
[White "Mas, Hafizulhelmi"]
[Black "Paragua, Mark"]
[Result "1/2-1/2"]
[WhiteElo "2341"]
[BlackElo "2533"]
[PlyCount "73"]
[EventDate "2013.04.14"]
[EventType "swiss"]
[EventRounds "9"]
[EventCountry "THA"]
[SourceTitle "CBM 154 Extra"]
[Source "ChessBase"]
[SourceDate "2013.06.25"]
[SourceVersion "2"]
[SourceVersionDate "2013.06.25"]
[SourceQuality "1"]

1. e4 c5 2. Nf3 d6 3. d4 cxd4 4. Nxd4 Nf6 5. Nc3 a6 6. Be2 e5 7. Nb3 Be7 8. Bg5 Be6 9. Bxf6 Bxf6 10. Qd3 Nc6 11. 0-0-0 Be7 12. Nd5 Bg5+ 13. Kb1 Rc8 14. g3 0-0 15. f4 exf4 16. gxf4 Bh6 17. Qf3 Re8 18. c3 b5 19. Rhf1 Kh8 20. Ne3 Qe7 21. Bd3 b4 22. Nd5 Qb7 23. c4 a5 24. Qf2 a4 25. Nd4 Bxd5 26. cxd5 Nxd4 27. Qxd4 Qe7 28. Rde1 a3 29. Bb5 Red8 30. Bc6 axb2 31. Re2 f5 32. e5 dxe5 33. Qxe5 Qf8 34. Rxb2 Kg8 35. Qe6+ Kh8 36. Qe5 Kg8 37. Qe6+ 1/2-1/2

[Event "Melaka-chA"]
[Site "Melaka"]
[Date "2012.04.29"]
[Round "8"]
[White "Nolte, Rolando"]
[Black "Mas, Hafizulhelmi"]
[Result "1/2-1/2"]
[WhiteElo "2456"]
[BlackElo "2377"]
[PlyCount "80"]
[EventDate "2012.04.23"]
[EventType "swiss"]
[EventRounds "9"]
[EventCountry "MAS"]
[SourceTitle "CBM 148 Extra"]
[Source "ChessBase"]
[SourceDate "2012.06.22"]
[SourceVersion "1"]
[SourceVersionDate "2012.06.22"]
[SourceQuality "1"]

1. e4 c5 2. Nf3 d6 3. d4 cxd4 4. Nxd4 Nf6 5. Nc3 a6 6. f3 Qb6 7. g4 Nc6 8. Nb3 e6 9. Qe2 Qc7 10. Be3 b5 11. 0-0-0 Bb7 12. Kb1 Ne5 13. g5 Nfd7 14. f4 Nc4 15. Bd4 Ndb6 16. Bg2 0-0-0 17. Qf2 Nd7 18. f5 b4 19. Ne2 e5 20. Be3 Be7 21. c3 Nc5 22. Bxc5 dxc5 23. f6 gxf6 24. gxf6 Bd6 25. Rc1 Kb8 26. Ng3 Qb6 27. Bf1 Na5 28. Nxa5 Qxa5 29. Bc4 Rd7 30. Rhd1 Rhd8 31. Bd5 c4 32. cxb4 Bxb4 33. Rxc4 Bxd5 34. exd5 Rxd5 35. Rxd5 Rxd5 36. a3 Rd1+ 37. Rc1 Rxc1+ 38. Kxc1 Bc5 39. Qe2 Bd4 40. Ne4 Qd5 1/2-1/2

[Event "Brunei Campomanes Memorial"]
[Site "Bandar Seri Begawan"]
[Date "2012.04.12"]
[Round "9"]
[White "Mas, Hafizulhelmi"]
[Black "Yeoh, Li Tian"]
[Result "0-1"]
[WhiteElo "2377"]
[BlackElo "2204"]
[PlyCount "88"]
[EventDate "2012.04.08"]
[EventType "swiss"]
[EventRounds "9"]
[EventCountry "BRN"]
[SourceTitle "CBM 147 Extra"]
[Source "ChessBase"]
[SourceDate "2012.04.24"]
[SourceVersion "1"]
[SourceVersionDate "2012.04.24"]
[SourceQuality "1"]

1. e4 e5 2. Bc4 Nf6 3. d3 Nc6 4. Nc3 Bc5 5. Bg5 h6 6. Bh4 Be7 7. Bg3 d6 8. Nge2 Na5 9. f3 c6 10. a3 Nxc4 11. dxc4 0-0 12. Bf2 Be6 13. Qd3 Qa5 14. 0-0 Rfd8 15. Rfd1 Rd7 16. Nd5 cxd5 17. cxd5 Bg4 18. fxg4 Nxg4 19. Qf3 Nxf2 20. Qxf2 Rc8 21. c3 Qa4 22. Qf3 Bf8 23. Nc1 Qb5 24. Nd3 g6 25. Rf1 Bg7 26. Qh3 Rcd8 27. Kh1 Rc7 28. Qe3 Rf8 29. Rf3 f5 30. Qxa7 fxe4 31. Rxf8+ Bxf8 32. Nb4 Qe2 33. Qg1 Qxb2 34. Ra2 Qb3 35. h3 Rf7 36. Qe1 Qc4 37. Re2 Rf4 38. Kg1 Kh7 39. Re3 h5 40. Qe2 Qc5 41. Kh2 Bh6 42. c4 Rh4 43. Rxe4 Rxe4 44. Qxe4 Bf4+ 0-1